Sportovní diplomacie jako součást zahraniční politiky státu
Úloha športu v spoločnosti, politike štátu a medzinárodných vzťahoch. Športová diplomacia ako nástroj v zahraničnej politike. Športová diplomacia ako súčasť verejnej a kultúrnej diplomacie. Ciele športovej diplomacie. Príklady.
Gespeichert in:
| 1. Verfasser: | |
|---|---|
| Format: | Buchkapitel |
| Sprache: | Tschechisch |
| Schlagworte: | |
| Tags: |
Keine Tags, Fügen Sie das erste Tag hinzu!
|
MARC
| LEADER | 00000naa a2200000 4500 | ||
|---|---|---|---|
| 001 | 0243933 | ||
| 005 | 20220713131318.0 | ||
| 041 | 0 | |a cze | |
| 044 | |a CZ | ||
| 245 | 1 | 0 | |a Sportovní diplomacie jako součást zahraniční politiky státu |c Zbyněk Dubský |
| 520 | |a Úloha športu v spoločnosti, politike štátu a medzinárodných vzťahoch. Športová diplomacia ako nástroj v zahraničnej politike. Športová diplomacia ako súčasť verejnej a kultúrnej diplomacie. Ciele športovej diplomacie. Príklady. | ||
| 610 | 2 | 0 | |a šport |
| 610 | 2 | 0 | |a diplomacia |
| 610 | 2 | 0 | |a vzťahy medzinárodné |
| 610 | 2 | 0 | |a politika zahraničná |
| 100 | 1 | |a Dubský, Zbyněk | |